[Event "AUTO-ELITE-957"]
[Site "http://www.queenalice.com/game.php?id=1048628"]
[Date "2012.4.13"]
[Round "1"]
[White "danbots5k"]
[Black "Miraguaiov"]
[Result "1-0"]
[WhiteElo "2430"]
[BlackElo "2469"]

1. d4 Nf6 2. c4 g6 3. Nc3 Bg7 4. Nf3 O-O 5. e4 d6 6. Be2 e5 7. Bg5 h6 8. Bc1
exd4 9. Nxd4 Re8 10. f3 c6 11. O-O Qb6 12. Be3 Qxb2 13. Qe1 Na6 14. Rb1 Qa3 15.
Qd2 Kh7 16. Rfc1 Qa5 17. Nb3 Qc7 18. Na4 Nd7 19. Rd1 Bf8 20. Nc3 Nac5 21. Bf4
Ne5 22. Bg3 Nxb3 23. axb3 Be6 24. f4 Nd7 25. f5 gxf5 26. Bd3 Nf6 27. exf5 Bd7
28. c5 Qd8 29. cxd6 Bg7 30. Na4 b6 31. Bh4 c5 32. Nc3 Bc6 33. Bb5 Bxb5 34. Nxb5
Rb8 35. Qd3 Qd7 36. Re1 Kh8 37. Nc7 Rxe1+ 38. Rxe1 Rd8 39. Bg3 a5 40. Ne6 1-0

[Event "AUTO-ELITE-910"]
[Site "http://www.queenalice.com/game.php?id=1067201"]
[Date "2012.6.2"]
[Round "2"]
[White "danbotoy"]
[Black "Miraguaiov"]
[Result "1/2-1/2"]
[WhiteElo "2548"]
[BlackElo "2440"]

1. e4 e5 2. Nf3 Nc6 3. Bb5 a6 4. Bxc6 dxc6 5. O-O f6 6. d4 Bg4 7. c3 Bd6 8. h3
Bh5 9. Qd3 Qd7 10. Nbd2 O-O-O 11. b3 Kb8 12. Qe3 exd4 13. cxd4 Ne7 14. Nc4 Rhe8
15. Nfe5 Qe6 16. Nd3 Bg6 17. Re1 Nf5 18. exf5 Qxf5 19. Nxd6 cxd6 20. Qf4 Qxf4
21. Bxf4 Bxd3 22. Rxe8 Rxe8 23. Bxd6+ Kc8 24. Rd1 Kd7 25. Bb4 Be4 26. f3 Bd5
1/2-1/2

[Event "AUTO-ELITE-910"]
[Site "http://www.queenalice.com/game.php?id=1067202"]
[Date "2012.6.2"]
[Round "2"]
[White "Miraguaiov"]
[Black "danbotoy"]
[Result "0-1"]
[WhiteElo "2445"]
[BlackElo "2550"]

1. d4 Nf6 2. c4 g6 3. Nf3 Bg7 4. Nc3 O-O 5. e4 d6 6. Be2 c5 7. O-O cxd4 8. Nxd4
Nc6 9. Nc2 Be6 10. Be3 Rc8 11. f4 Qa5 12. Rb1 Nb4 13. Nxb4 Qxb4 14. a3 Qa5 15.
Nd5 Nxd5 16. cxd5 Bd7 17. Bd4 Bxd4+ 18. Qxd4 Rc2 19. Bd3 Rc7 20. Ra1 Rfc8 21. b4
Qa4 22. e5 Qb3 23. Rfe1 Qc3 24. Qe3 a6 25. Be4 Kg7 26. h3 Bb5 27. Kh2 h5 28. h4
Qxe3 29. Rxe3 Rc3 30. Rae1 R8c4 31. exd6 exd6 32. g3 Rxe3 33. Rxe3 Rd4 34. Bf3
Bc4 35. Re7 Rd3 36. Kg2 Rxa3 37. Rc7 b5 38. Rd7 a5 39. bxa5 b4 40. Rxd6 Rxa5 41.
Rc6 Bxd5 42. Bxd5 Rxd5 43. Rb6 Rd2+ 44. Kf1 Rd3 45. Kf2 b3 46. Kg2 Kf8 47. Rb7
Ke8 48. f5 gxf5 49. Kf2 Rc3 50. Kg2 f6 51. Rb6 Ke7 52. Kf2 Kd7 0-1

[Event "AUTO-ELITE-910"]
[Site "http://www.queenalice.com/game.php?id=1067205"]
[Date "2012.6.2"]
[Round "2"]
[White "Miraguaiov"]
[Black "WakanTanka"]
[Result "1/2-1/2"]
[WhiteElo "2437"]
[BlackElo "2611"]

1. Nf3 d5 2. c4 e6 3. d4 Nf6 4. Nc3 h6 5. e3 a6 6. Bd2 c5 7. cxd5 exd5 8. Be2 c4
9. O-O Bd6 10. a4 Nc6 11. b3 cxb3 12. Qxb3 Rb8 13. Bc1 Na5 14. Qa2 Bf5 15. Ba3
O-O 16. Rfc1 Rc8 17. Ne5 Re8 18. Bxd6 Qxd6 19. Bf3 Be6 20. Ne2 Nd7 21. Nxd7 Qxd7
22. Nf4 Nc4 23. a5 Rc7 24. Nd3 Qe7 25. Nc5 Rec8 26. Qb3 Qg5 27. Qd1 Qd8 28. Be2
Qe7 29. Bd3 Nb2 30. Bh7+ Kxh7 31. Qc2+ Kg8 32. Qxb2 h5 33. Rc3 Bd7 34. Rac1 Bb5
35. Qb1 g6 36. Qb3 Bc4 37. Qd1 Bb5 38. Qf3 Qd6 39. Rd1 Re8 40. Rb3 Ree7 41. Rbb1
Rc6 42. Re1 b6 43. axb6 Rxb6 44. Rec1 Re8 45. Ra1 1/2-1/2

[Event "AUTO-ELITE-910"]
[Site "http://www.queenalice.com/game.php?id=1067206"]
[Date "2012.6.2"]
[Round "2"]
[White "WakanTanka"]
[Black "Miraguaiov"]
[Result "1/2-1/2"]
[WhiteElo "2594"]
[BlackElo "2442"]

1. d4 f5 2. Nf3 Nf6 3. c4 e6 4. g3 d5 5. Bg2 c6 6. O-O Bd6 7. Qc2 O-O 8. c5 Bc7
9. a4 Ne4 10. b4 Nd7 11. e3 g5 12. Ne1 g4 13. Ra2 Qg5 14. Nc3 Ndf6 15. Ne2 Qg7
16. Nf4 Ng5 17. a5 a6 18. Bb2 Bd7 19. Ned3 h5 20. Ne5 Be8 21. Nfd3 h4 22. Ba1
hxg3 23. fxg3 Qh6 24. Nf4 Rd8 25. Nfd3 Kg7 26. Nf4 Rh8 27. Bh1 Bxe5 28. dxe5
Nfe4 29. Bxe4 fxe4 30. Rf2 Nf3+ 31. Kf1 Bf7 32. Bd4 Rh7 33. Qc1 Rdh8 34. Rac2
Kg8 35. Qb2 Qg7 36. Rg2 Rh6 37. Rcf2 Kf8 38. Ke2 Qh7 39. Kd1 Ke7 40. Kc1 Be8 41.
Qc3 Nxh2 42. Kb2 Nf3 43. Qc1 Kd8 44. Rf1 Kc8 45. Kb3 Qf5 46. Rgf2 Rh2 47. Qa1
Bd7 48. Qd1 Rxf2 49. Rxf2 Rh6 50. Bc3 Qh7 51. Qe2 Rh2 52. Rxh2 Qxh2 53. Qxh2
Nxh2 54. Bd4 Nf1 55. Ne2 Be8 56. Kc2 Bg6 57. Kd1 Kd7 58. Ke1 Nh2 59. Nc3 Ke7 60.
Na4 Nf3+ 1/2-1/2

[Event "AUTO-ELITE-1026"]
[Site "http://www.queenalice.com/game.php?id=1088411"]
[Date "2012.7.29"]
[Round "1"]
[White "Miraguaiov"]
[Black "trompmaster"]
[Result "1-0"]
[WhiteElo "2434"]
[BlackElo "2300"]

1. d4 g6 2. c4 Bg7 3. e4 c5 4. d5 d6 5. Nf3 b5 6. cxb5 a6 7. Qa4 Nf6 8. Bd3 Nbd7
9. O-O Nb6 10. Qc2 Nfd7 11. bxa6 c4 12. Be2 Bxa6 13. Be3 Qc7 14. Bd4 Bxd4 15.
Nxd4 Qc5 16. Qd2 Ne5 17. Nc3 h5 18. a4 Nbd7 19. Ncb5 Rc8 20. b4 Qb6 21. Rfb1
Bxb5 22. Nxb5 h4 23. Nc3 h3 24. a5 Qa7 25. g3 f6 26. Nb5 Qb8 27. Nd4 f5 28. b5
Qb7 29. f4 Nd3 30. Qe3 N3c5 31. exf5 Qxd5 32. Bf3 Qf7 33. Re1 Rh7 34. b6 c3 35.
b7 Rd8 36. a6 Nxb7 37. axb7 Nb8 38. Nc6 e5 39. fxe5 d5 40. Nxd8 Kxd8 41. Qb6+
Qc7 42. Qxc7+ Rxc7 43. Bxd5 1-0

[Event "AUTO-ELITE-1026"]
[Site "http://www.queenalice.com/game.php?id=1088412"]
[Date "2012.7.29"]
[Round "1"]
[White "trompmaster"]
[Black "Miraguaiov"]
[Result "1/2-1/2"]
[WhiteElo "2313"]
[BlackElo "2434"]

1. d4 Nf6 2. Nf3 g6 3. c4 Bg7 4. e3 c5 5. d5 O-O 6. Nc3 d6 7. Bd3 Na6 8. O-O Bg4
9. h3 Bd7 10. e4 e5 11. a3 h6 12. Be3 Nh5 13. Qd2 Kh7 14. Be2 f5 15. exf5 gxf5
16. Ne1 Qh4 17. Qd1 Nf4 18. Bxf4 Qxf4 19. Nf3 h5 20. h4 Kg8 21. g3 Qh6 22. Ng5
Nc7 23. Kg2 Bf6 24. Qd2 Rae8 25. Nge4 Qxd2 26. Nxd2 Rb8 27. Bxh5 a6 28. a4 Kg7
29. Rfe1 Rh8 30. Bd1 Rbg8 31. a5 Kf8 32. Kf1 Ke7 33. Ra3 Kd8 34. Ba4 Bc8 35. Rb1
e4 36. Ne2 Be5 37. b4 Ne8 38. bxc5 dxc5 39. Bxe8 Kxe8 40. Ng1 Rg6 41. Nh3 Rhh6
42. Ke2 b5 43. Ra2 Bd7 44. Rc2 Rd6 45. Rcc1 Rh7 46. Ng5 Re7 47. Ke1 Bd4 48. Nb3
Re5 49. Nxd4 cxd4 50. cxb5 axb5 51. Rc5 Ke7 52. Kd2 Rexd5 1/2-1/2

[Event "AUTO-ELITE-1026"]
[Site "http://www.queenalice.com/game.php?id=1088413"]
[Date "2012.7.29"]
[Round "1"]
[White "Miraguaiov"]
[Black "PunditJi"]
[Result "0-1"]
[WhiteElo "2439"]
[BlackElo "2589"]

1. d4 Nf6 2. c4 g6 3. Nc3 Bg7 4. e4 d6 5. Nf3 O-O 6. Be2 e5 7. O-O c6 8. Re1
exd4 9. Nxd4 Re8 10. Bf1 Nbd7 11. Bf4 Nc5 12. Qc2 a5 13. Rad1 Nh5 14. Be3 Qc7
15. f3 a4 16. Qd2 Be5 17. g4 Nf6 18. g5 Nh5 19. Bg2 d5 20. exd5 Bxh2+ 21. Kf1
Bd7 22. Nde2 Bd6 23. dxc6 Bxc6 24. Qxd6 Qxd6 25. Rxd6 Rxe3 26. Red1 Ne6 27. Kf2
Re5 28. f4 Nhxf4 29. Nxf4 Nxf4 30. Bxc6 bxc6 31. Rxc6 Kg7 32. Rd7 Rae8 33. Rf6
Nh3+ 34. Kf1 Nxg5 35. Rf2 h5 36. a3 h4 0-1

[Event "AUTO-ELITE-1026"]
[Site "http://www.queenalice.com/game.php?id=1088414"]
[Date "2012.7.29"]
[Round "1"]
[White "PunditJi"]
[Black "Miraguaiov"]
[Result "1-0"]
[WhiteElo "2595"]
[BlackElo "2439"]

1. e4 e5 2. Nf3 Nc6 3. d4 exd4 4. Nxd4 Nf6 5. Nxc6 bxc6 6. e5 Qe7 7. Qe2 Nd5 8.
c4 Ba6 9. Nd2 g6 10. Ne4 O-O-O 11. Qc2 Nb4 12. Qc3 Qh4 13. Nd2 Qd4 14. Kd1 c5
15. Qxd4 cxd4 16. a3 Nc6 17. f4 d6 18. exd6 Bxd6 19. b4 Bb7 20. Nf3 Nb8 21. c5
Be7 22. Bc4 Bxf3+ 23. gxf3 f5 24. h4 Bf6 25. Ra2 Nc6 26. h5 Rhe8 27. hxg6 hxg6
28. Rg2 Ne7 29. Kc2 Rh8 30. Rgh2 Rxh2+ 31. Rxh2 a5 32. bxa5 Nc6 33. Rh6 Nxa5 34.
Be6+ Kb8 35. Rxg6 d3+ 36. Kd2 Be7 37. Rg8 Rxg8 38. Bxg8 Bxc5 39. Kxd3 Nb7 40.
Bd5 Nd6 41. Bb2 Ka7 42. Bd4 Kb6 43. a4 Nc8 44. a5+ Kb5 45. Bc4+ Kc6 46. a6 1-0

[Event "kasker-2"]
[Site "http://www.queenalice.com/game.php?id=1088982"]
[Date "2012.7.31"]
[Round "2"]
[White "Miraguaiov"]
[Black "muppyman"]
[Result "1/2-1/2"]
[WhiteElo "2440"]
[BlackElo "2500"]

1. d4 d5 2. c4 e6 3. Nc3 Bb4 4. cxd5 exd5 5. Bf4 Nf6 6. e3 Ne4 7. Qa4+ Nc6 8.
Bb5 Bxc3+ 9. bxc3 Bd7 10. Qb3 g5 11. Bg3 O-O 12. Be2 Rb8 13. Qxd5 Nxc3 14. Qc4
Ne4 15. d5 Qf6 16. Rc1 Nxg3 17. hxg3 Ne5 18. Qd4 Rbc8 19. Qb4 c6 20. d6 c5 21.
Qxb7 Qxd6 22. Nf3 Nxf3+ 23. Bxf3 Bc6 24. Bxc6 Qxc6 25. Qxc6 Rxc6 26. Kd2 1/2-1/2

[Event "AUTO-ELITE-1043"]
[Site "http://www.queenalice.com/game.php?id=1099321"]
[Date "2012.9.3"]
[Round "1"]
[White "Miraguaiov"]
[Black "Bruscato"]
[Result "1-0"]
[WhiteElo "2434"]
[BlackElo "2204"]

1. d4 f5 2. Nf3 Nf6 3. c4 e6 4. g3 Be7 5. Bg2 O-O 6. O-O d6 7. Nc3 Nc6 8. d5 Ne5
9. Nd4 exd5 10. cxd5 Bd7 11. f4 Ng6 12. Qb3 Qc8 13. e4 Nxe4 14. Nxe4 fxe4 15.
Bxe4 Bf6 16. Be3 Ne7 17. Rac1 Bxd4 18. Bxd4 Bh3 19. Rfe1 Rf7 20. Bf3 Nf5 21. Bf2
a6 22. Bh5 g6 23. Bf3 b6 24. Rc6 Qd7 25. Qc3 Ra7 26. Rc1 Re7 27. b4 a5 28. b5
Rb7 29. a4 Qe8 30. Qd2 Qf7 31. R6c4 Re8 32. Qc3 Re7 33. g4 Nh6 34. Bh4 Re8 35.
Bg5 Nxg4 36. Be4 1-0

[Event "AUTO-ELITE-1043"]
[Site "http://www.queenalice.com/game.php?id=1099322"]
[Date "2012.9.3"]
[Round "1"]
[White "Bruscato"]
[Black "Miraguaiov"]
[Result "0-1"]
[WhiteElo "2244"]
[BlackElo "2433"]

1. e4 c6 2. d4 d5 3. e5 Bf5 4. Ne2 e6 5. Ng3 Bg6 6. Be2 c5 7. c3 Nc6 8. Qb3 Qc7
9. Be3 h5 10. Nd2 h4 11. Ngf1 Nh6 12. h3 Nf5 13. Nf3 cxd4 14. cxd4 a5 15. Rc1 a4
16. Qd1 Qb6 0-1

[Event "AUTO-ELITE-1043"]
[Site "http://www.queenalice.com/game.php?id=1099323"]
[Date "2012.9.3"]
[Round "1"]
[White "Miraguaiov"]
[Black "Miguelname"]
[Result "0-1"]
[WhiteElo "2437"]
[BlackElo "2490"]

1. e4 c5 2. Nf3 d6 3. Bb5+ Bd7 4. Bxd7+ Qxd7 5. O-O Nc6 6. Re1 Nf6 7. c4 e6 8.
d4 cxd4 9. Nxd4 Be7 10. Nc3 O-O 11. b3 a6 12. Bb2 Rfd8 13. a3 Nxd4 14. Qxd4 b5
15. cxb5 axb5 16. e5 dxe5 17. Qxd7 Nxd7 18. Nxb5 Nc5 19. Re3 Nd3 20. Bc3 f5 21.
a4 e4 22. Kf1 Rac8 23. Rb1 Rd5 24. Ba5 Bg5 25. Re2 Rc1+ 26. Rxc1 Nxc1 27. Bc3
Nxe2 28. Kxe2 Kf7 29. b4 Ke7 30. h4 Bf6 31. Bxf6+ gxf6 0-1

[Event "AUTO-ELITE-1043"]
[Site "http://www.queenalice.com/game.php?id=1099324"]
[Date "2012.9.3"]
[Round "1"]
[White "Miguelname"]
[Black "Miraguaiov"]
[Result "1-0"]
[WhiteElo "2481"]
[BlackElo "2441"]

1. e4 e5 2. Nf3 Nf6 3. d4 Nxe4 4. Bd3 d5 5. Nxe5 Nd7 6. Nxd7 Bxd7 7. O-O Bd6 8.
c4 c6 9. cxd5 cxd5 10. Nc3 Nxc3 11. bxc3 O-O 12. Qh5 f5 13. Qf3 Kh8 14. Bd2 Qc7
15. g3 f4 16. Qh5 g6 17. Bxg6 Bb5 18. Rfb1 Bc4 19. Bc2 Rf7 20. g4 Rg8 21. f3 Rf6
22. Re1 h6 23. Re8 Rxe8 24. Qxe8+ Kg7 25. Re1 Qf7 26. Qa8 b5 27. Re8 Bf8 28. Qc8
Bxa2 29. Bf5 1-0

[Event "AUTO-OPEN-2658"]
[Site "http://www.queenalice.com/game.php?id=1110560"]
[Date "2012.10.8"]
[Round "2"]
[White "Miraguaiov"]
[Black "Lopesq"]
[Result "1-0"]
[WhiteElo "2439"]
[BlackElo "1701"]

1. d4 d5 2. c4 dxc4 3. e4 c6 4. Bxc4 e6 5. Nf3 Be7 6. O-O Nd7 7. Nc3 Nb6 8. Bd3
Nf6 9. Bg5 h6 10. Be3 Ng4 11. Bf4 Nf6 12. Qc2 Nh5 13. Be3 O-O 14. a4 a5 15. Ne5
Nf6 16. f4 Bb4 17. Rad1 Qe8 18. Rf3 Qe7 19. Be2 Bxc3 20. bxc3 Rd8 21. Rg3 Kf8
22. d5 Nbd7 23. dxe6 Qxe6 24. Bc4 Qe7 25. Nxf7 Re8 26. Nh8 b5 27. Ng6# 1-0

[Event "AUTO-OPEN-2658"]
[Site "http://www.queenalice.com/game.php?id=1110561"]
[Date "2012.10.8"]
[Round "2"]
[White "Lopesq"]
[Black "Miraguaiov"]
[Result "0-1"]
[WhiteElo "1761"]
[BlackElo "2438"]

1. Nf3 f5 2. d3 Nf6 3. Nc3 Nc6 4. e3 e5 5. h3 d5 6. e4 fxe4 7. dxe4 d4 8. Na4
Nxe4 9. Bd3 Bb4+ 10. Kf1 Nf6 11. a3 Bd6 12. Bg5 O-O 13. Bc4+ Kh8 14. b3 Qe8 15.
Nb2 e4 16. Nh4 Qe5 17. Bc1 Nh5 18. Be2 Ng3+ 0-1

[Event "AUTO-OPEN-2658"]
[Site "http://www.queenalice.com/game.php?id=1110562"]
[Date "2012.10.8"]
[Round "2"]
[White "Miraguaiov"]
[Black "Shydo"]
[Result "1-0"]
[WhiteElo "2437"]
[BlackElo "1911"]

1. e4 c5 2. Nf3 d6 3. d4 cxd4 4. Nxd4 e5 5. Bb5+ Bd7 6. Bxd7+ Nxd7 7. Nf5 Qb6 8.
Nc3 g6 9. Ne3 Ngf6 10. Ned5 Nxd5 11. Nxd5 Qc6 12. O-O Bg7 13. Be3 Nf6 14. Nxf6+
Bxf6 15. Qd3 O-O 16. Rad1 Rfd8 17. c4 Rac8 18. b3 b6 19. Qd5 Qd7 20. a4 Kg7 21.
f3 Rc6 22. Rf2 Be7 23. f4 Rcc8 24. fxe5 Qg4 25. Rxf7+ Kh8 26. exd6 Rxd6 27. Bd4+
Kg8 28. Rg7+ 1-0

[Event "AUTO-OPEN-2658"]
[Site "http://www.queenalice.com/game.php?id=1110563"]
[Date "2012.10.8"]
[Round "2"]
[White "Shydo"]
[Black "Miraguaiov"]
[Result "0-1"]
[WhiteElo "1876"]
[BlackElo "2432"]

1. e4 e5 2. Nf3 Nc6 3. Bb5 f5 4. Bxc6 dxc6 5. Nxe5 Qd4 6. O-O Qxe5 7. exf5 Qxf5
8. d4 Be6 9. Re1 O-O-O 10. Be3 Nf6 11. Nc3 Bd6 12. Ne2 Ng4 13. Ng3 Bxg3 14. hxg3
Qh5 15. Kf1 Bc4+ 0-1

[Event "AUTO-OPEN-2658"]
[Site "http://www.queenalice.com/game.php?id=1170219"]
[Date "2013.4.10"]
[Round "3"]
[White "Miraguaiov"]
[Black "secretguy"]
[Result "1-0"]
[WhiteElo "2430"]
[BlackElo "2121"]

1. c4 Nf6 2. d4 g6 3. Nc3 Bg7 4. e4 d6 5. Nf3 O-O 6. Be2 Re8 7. O-O e5 8. dxe5
dxe5 9. Qxd8 Rxd8 10. Bg5 Be6 11. Nxe5 h6 12. Bf4 Na6 13. Rfd1 g5 14. Bg3 Rxd1+
15. Rxd1 c6 16. f4 gxf4 17. Bxf4 Nc5 18. Bf3 a5 19. Be3 Nfxe4 20. Nxe4 Nxe4 21.
Nxc6 bxc6 22. Bxe4 Bxc4 23. Bxc6 1-0

[Event "AUTO-OPEN-2658"]
[Site "http://www.queenalice.com/game.php?id=1170220"]
[Date "2013.4.10"]
[Round "3"]
[White "secretguy"]
[Black "Miraguaiov"]
[Result "0-1"]
[WhiteElo "2118"]
[BlackElo "2432"]

1. c4 e5 2. g3 Nc6 3. Bg2 g6 4. Nc3 Bg7 5. d3 Nge7 6. Nf3 O-O 7. O-O f5 8. e3 d6
9. Bd2 h6 10. Qb3 Rb8 11. Nd5 Be6 12. Ne1 Nxd5 13. cxd5 Bf7 14. Qa3 Ne7 15. e4
c6 16. Bb4 Nc8 17. dxc6 bxc6 18. exf5 gxf5 19. Nc2 Qb6 20. b3 e4 21. Ba5 Qb5 22.
d4 c5 23. Rfd1 Nb6 0-1

[Event "AUTO-OPEN-2658"]
[Site "http://www.queenalice.com/game.php?id=1170221"]
[Date "2013.4.10"]
[Round "3"]
[White "Miraguaiov"]
[Black "chein"]
[Result "1-0"]
[WhiteElo "2433"]
[BlackElo "2247"]

1. c4 Nf6 2. Nf3 Nc6 3. d4 e6 4. Bg5 h6 5. Bxf6 Bb4+ 6. Nc3 Qxf6 7. e3 e5 8. d5
Bxc3+ 9. bxc3 Na5 10. c5 b6 11. Qa4 Nb7 12. Qe4 Nxc5 13. Qxe5+ Qxe5 14. Nxe5 Ke7
15. Bc4 Bb7 16. Rd1 Rhf8 17. Rd4 Kd6 18. Nd3 f5 19. Nxc5 bxc5 20. Rd2 Rae8 21.
Ke2 f4 22. Rb1 Ba8 23. Bb5 fxe3 24. fxe3 Rb8 25. Rb3 Rb6 26. e4 Bb7 27. Ke3 Ba6
28. Bxa6 Rxa6 29. Kd3 1-0

[Event "AUTO-OPEN-2658"]
[Site "http://www.queenalice.com/game.php?id=1170222"]
[Date "2013.4.10"]
[Round "3"]
[White "chein"]
[Black "Miraguaiov"]
[Result "0-1"]
[WhiteElo "2254"]
[BlackElo "2428"]

1. d4 d5 2. c4 c6 3. Nf3 Nf6 4. e3 e6 5. Nc3 Nbd7 6. Bd3 dxc4 7. Bxc4 b5 8. Bd3
a6 9. e4 c5 10. d5 c4 11. dxe6 fxe6 12. Bc2 Qc7 13. O-O Bb7 14. Qe2 Bd6 15. Nd4
Bxh2+ 16. Kh1 Qd6 17. Rd1 Be5 18. Nf5 Qf8 19. f4 Bb8 20. e5 Nd5 21. Qg4 exf5 22.
Bxf5 N7b6 23. Nxd5 Bxd5 24. Be3 g6 25. Bxb6 Qxf5 26. Qxf5 gxf5 27. Rxd5 Ba7 28.
Bxa7 Rxa7 0-1

[Event "kasker-2"]
[Site "http://www.queenalice.com/game.php?id=1181207"]
[Date "2013.5.14"]
[Round "3"]
[White "ubersoldat1952"]
[Black "Miraguaiov"]
[Result "1-0"]
[WhiteElo "2533"]
[BlackElo "2434"]

1. d4 f5 2. c4 Nf6 3. g3 e6 4. Bg2 d5 5. Nf3 c6 6. O-O Bd6 7. b3 O-O 8. Ba3 Bxa3
9. Nxa3 Nbd7 10. Nc2 Ne4 11. Nce1 dxc4 12. bxc4 c5 13. e3 e5 14. dxe5 Nb6 15.
Nd3 Be6 16. Qc2 Bxc4 17. Rfd1 Qe7 18. Nd2 Nxd2 19. Rxd2 Bxd3 20. Rxd3 Qxe5 21.
Rdd1 Qc7 22. a4 Rab8 23. Rac1 Kh8 24. Bh3 c4 25. Bxf5 Nxa4 26. Bxh7 b5 27. Bg6
Qc6 28. Rd4 Rf6 29. Rh4+ Kg8 30. Be4 Qc5 31. Qd1 Nb6 32. Ra1 Qd6 33. Bh7+ Kf8
34. Rd4 Qc7 35. Qh5 1-0

[Event "kasker-2"]
[Site "http://www.queenalice.com/game.php?id=1219330"]
[Date "2013.9.23"]
[Round "4"]
[White "Miraguaiov"]
[Black "shogun"]
[Result "1/2-1/2"]
[WhiteElo "2437"]
[BlackElo "2553"]

1. d4 Nf6 2. c4 e6 3. Nc3 d5 4. Bg5 Be7 5. e3 O-O 6. Nf3 h6 7. Bh4 b6 8. Bxf6
Bxf6 9. cxd5 exd5 10. Qb3 Be6 11. Rd1 Qd6 12. Be2 Nc6 13. O-O a6 14. a3 Ne7 15.
Qc2 c5 16. dxc5 Qxc5 17. Nd4 Rfc8 18. Qd3 b5 19. Bf3 b4 20. Nce2 Bd7 21. Rc1 Qd6
22. axb4 1/2-1/2